| 000 | 00529nam a2200193Ia 4500 | ||
|---|---|---|---|
| 005 | 20250423100106.0 | ||
| 008 | 250422s9999 xx 000 0 und d | ||
| 020 | _a9788174732750 | ||
| 050 | _aRB 38.2 .W67/ | ||
| 100 | _aWorld Health Organization | ||
| 245 | 0 | _aManual of Basic techniques for a health laboratory | |
| 250 | _a2nd ed. | ||
| 260 | _aDelhi | ||
| 260 | _bAITBS PUBLISHERS, India | ||
| 260 | _c2005 | ||
| 300 | _a384 p | ||
| 650 | _a Medical laboratory technology--Laboratory manuals. | ||
| 942 | _cBK | ||
| 999 |
_c32261 _d32261 |
||